| 000 | 00000nam##2200000za#4500 |
| 001 | 9.624798 |
| 003 | CaOODSP |
| 005 | 20250403105234 |
| 007 | ta |
| 008 | 150406|1998||||xxc||||| f|0| 0 fre|d |
| 020 | |a0-17-606981-X |
| 040 | |aCaOODSP|bfre |
| 043 | |an-cn--- |
| 086 | 1 |aCS96-321/2F |
| 245 | 00|aLes femmes et le marché du travail canadien : |btransitions vers l'avenir / |cpar Morley Gunderson. |
| 260 | |aScarborough - Ontario : |bStatistique Canada |c1998. |
| 300 | |axxvi, 247p. : |bgraphiques, tableaux ; |c24 cm. |
| 490 | 1 |aSérie des monographies du recensement|v2 |
| 500 | |aSommaire: Le contexte socioéconomique et politique.--Les initiatives de politique.--La participation à la vie active.--Les heures de travail.--La rénumération des femmes et des hommes.--La répartition par profession.--La répartition par industrie.--Le chômage. |
| 563 | |aCouverture souple |
| 590 | |a98-29|b1998-07-17 |
| 710 | 2 |aStatistique Canada. |
| 720 | 1 |aGunderson, Morley |
| 776 | 0#|tLes femmes et le marché du travail canadien : |w(CaOODSP)9.605100 |
| 830 | #0|aSérie des monographies du recensement ;|v2|w(CaOODSP)9.512892 |